Stolice Afryki na mapie - Statystyki

Ogólne statystyki
  • Ten quiz został rozwiązany 7 341 razy
  • Średni wynik to 29 z 54
Odpowiedzi na mapie
Odpowiedzi zakodowano w zielono-czerwonej skali na mapie do tego quizu, zgodnie z poniższymi procentami.
 
Statystyki odpowiedzi
Kraj Stolica % Poprawnych
Egipt Kair
95%
Algieria Algier
94%
Maroko Rabat
88%
Tunezja Tunis
88%
Libia Trypolis
79%
Dżibuti Dżibuti
74%
Kenia Nairobi
74%
Madagaskar Antananarywa
73%
Republika Południowej Afryki Pretoria
72%
Senegal Dakar
71%
Etiopia Addis Abeba
69%
Sudan Chartum
65%
Nigeria Abudża
64%
Gwinea Bissau Bissau
64%
Demokratyczna Republika Konga Kinszasa
58%
Ghana Akra
57%
Sierra Leone Freetown
57%
Niger Niamey
57%
Angola Luanda
56%
Kongo Brazzaville
54%
Sudan Południowy Dżuba
54%
Somalia Mogadiszu
54%
Czad Ndżamena
54%
Wyspy św. Tomasza Sao Tome
53%
Seszela Victoria
52%
Benin Porto-Novo
51%
Gabon Libreville
50%
Erytrea Asmara
49%
Burkina Faso Wagadugu
49%
Tandzania Dodoma
48%
Namibia Windhuk
48%
Botswana Gaborone
47%
Uganda Kampala
47%
Mali Bamako
46%
Togo Lome
46%
Zimmbabwe Harare
45%
Mauretania Nawakszut
45%
Republika Zielonego Przylądka Praia
45%
Mozambik Maputo
44%
Rwanda Kigali
43%
Zambia Lusaka
43%
Gambia Bandżul
42%
Kamerun Jaunde
42%
Mauritius Port Louis
42%
Republika Środkowej Afryki Bangi
40%
Gwinea Konakry
40%
Liberia Monrovia
40%
Wybrzeże Kości Słoniowej Jamusukro
39%
Eswatini Mbabane
39%
Burundi Gitega
38%
Malawi Lilongwe
37%
Lesotho Maseru
35%
Gwinea Równikowa Malabo
33%
Komory Moroni
33%
Nie znaleziono quizów pasujących do podanych kryteriów
Rozkład punktacji
Procent ludzi z każdym wynikiem
Percentyl według liczby udzielonych odpowiedzi
Twoja historia wyników
Nie rozwiązałeś tego quizu